000 00541nam a2200181Ia 4500
008 131103s9999 xx 000 0 und d
040 _aLoreto College
041 _aEnglish
082 _a372.21/ARN
_bLCBED/1569
100 _aArnold, Arnold
245 _aYour child's play
_b how to help your child reap the full benefits of creative play
_cArnold Arnold
260 _aNew York
_bEssandess
_c1968
300 _a118p.
_c 21cm.
504 _aIncludes index
650 _aElementary education
850 _aLCBED/372.21/ARN
942 _cBK
999 _c27151
_d77630